Statistics for World Map without 12 Countries #3

Click here to take the quiz!

General Stats

  • This quiz has been taken 78,193 times
  • The average score is 9 of 12

Answers on the Map

Answers color-coded by a green-red scale on the quiz's map according to % correct below.
Loading ...
 

Answer Stats

Country% Correct
Uruguay
92%
Yemen
85%
Oman
84%
Estonia
82%
Latvia
82%
Lithuania
82%
Tunisia
80%
Ireland
77%
Eritrea
74%
Philippines
71%
Taiwan
69%
Netherlands
67%

Score Distribution

Percentile by Number Answered

Percent of People with Each Score

Your Score History

You have not taken this quiz